| 000 | 00982cab a2200301 4500 | ||
|---|---|---|---|
| 001 | ABS52002 | ||
| 008 | 090401t1994 xxu||||| |||| 00| 0 eng d | ||
| 035 | _a(Sirsi) u54325 | ||
| 041 | _aeng | ||
| 100 | _aKeating, D.M. | ||
| 245 | _aAppraising continuing care retirement centres: the income approach | ||
| 260 | _c1994 | ||
| 350 | _a0 | ||
| 490 |
_aAppraisal Journal _v62(4) October 1994, 546-551(6) |
||
| 520 | _aDiscusses the likelihood of a future increase in continuing care retirement centres and examines the income approach as an accurate method of valuation. (US practice) | ||
| 650 | _aCARE FOR THE ELDERLY | ||
| 650 | _aCONTINUING CARE RETIREMENT CENTRES | ||
| 650 | _aELDERLY PEOPLE | ||
| 650 | _aINCOME APPROACH | ||
| 650 | _aOLD PEOPLES HOMES | ||
| 650 | _aRETIREMENT HOMES | ||
| 650 | _aVALUATION METHODS | ||
| 690 | _aOVERSEAS-NORTH AMERICA | ||
| 690 | _aRATING AND VALUATION | ||
| 700 | _aBrace, G.L. | ||
| 942 | _n0 | ||
| 948 | _c04/03/1997 | ||
| 999 |
_c33298 _d33298 |
||